000 00310nam a2200133 i 4500
001 bg
100 1 _aKIMBER, Richard T.
245 0 _aAutomation in Libraries /
_cRichard T. Kimber.
260 _aOxford,
_c1970.
040 _cBPK
041 _apol
942 _cKS
008 s pl f |000 0 pol
999 _c14564
_d14564
856 _uhttp://koha.tu.koszalin.pl/cgi-bin/koha/opac-detail.pl?biblionumber=14564
_yKatalog online BPK